El juego de la mediacin̤

Bibliographic Details
Main Author: Coello Pulido, ℓngela
Format: eBook
Language:Spanish
Published: Barcelona: J.M. Bosch Editor, 2016
Subjects:
Online Access:Acceso restringido

MARC

LEADER 00000nam a22000007a 4500
005 20190410131210.0
007 cr|||| ||||
008 190410s2016 es |||||s|||| 00||0 spa d
020 |a 978-84-946077-5-2 
035 |a 23175 
040 |a vLex 
090 |c 8581  |d 8581 
100 1 |a Coello Pulido, ℓngela 
245 1 2 |a El juego de la mediacin̤  |h [Recurso electrn̤ico] /  |c ℓngela Coello Pulido 
256 |a Servicio en ln̕ea 
260 |a Barcelona:  |b J.M. Bosch Editor,  |c 2016 
300 |a 1 recurso electrn̤ico 
506 1 |a Disponible solo en los productos indicados  |d vLex Global  |d vLex Global (Academic Edition, excluding Law Schools)  |d vLex Global (U.S. Academic Edition, Law Schools)  |d vLex Global (U.S. Academic Edition, excluding Law Schools)  |d vLex Global (Academic Edition, Law Schools) 
650 0 4 |a Derecho Civil  |z Espaą 
650 0 4 |a Derecho Mercantil y de la Empresa  |z Espaą 
740 0 |a vLex Libros (Servicio en ln̕ea) 
856 4 0 |u http://vlex.com/source/juego-mediacion-23175  |z Acceso restringido 
942 |c BOOK 
999 0 |a Civil Law 
999 0 |a Business and Company Law